000
00327nam a2200133Ia 4500
100
_a
Kruse/ Robert & others
942
_c
RB
654
_a
Computer
245
_a
Uncertainity and Vagueness in Knowledge based Systems
260
_b
Springer-Verlag
_a
Berlin
_c
1991
082
_a
6.3
_b
PAN
546
_a
ENGLISH
999
_c
31365
_d
31365